Score 0/12 Timer 03:00
2 Plays Today
Scrambled Breed Unscrambled Breed % Correct
SETSAB DUNOHBasset Hound
88.8%
DENOLG VIRETREREGolden Retriever
88.1%
ONSOTB IRERTREBoston Terrier
87.3%
DOPELOPoodle
81.4%
CHRENF GOLDLUBFrench Bulldog
81.1%
FISTFAMMastiff
80.1%
GNKI HECARSL INLAPESKing Charles Spaniel
69.7%
SEJANEPA NHICJapanese Chin
69.6%
ROBADALR ERIVRETRELabrador Retriever
62.3%
DEADBER OLCILEBearded Collie
60.5%
NAKLAAS TMEMALUAAlaskan Malamute
50%
YDEROGUHNGreyhound
37.8%
Remove Ads.
Support Sporcle.
Get the best of Sporcle when you Go Orange. This ad-free experience offers more features, more stats, and more fun while also helping to support Sporcle. Thank you for becoming a member.

You're not logged in!

Compare scores with friends on all Sporcle quizzes.
OR
Log In

Show Comments

Extras

Top Quizzes Today


Score Distribution

Your Account Isn't Verified!

In order to create a playlist on Sporcle, you need to verify the email address you used during registration. Go to your Sporcle Settings to finish the process.

Report this User

Report this user for behavior that violates our Community Guidelines.

Details: